| 000 | 01227nam a2200337Ia 4500 | ||
|---|---|---|---|
| 001 | Z_7085 | ||
| 003 | CHAP | ||
| 005 | 20220905192902.0 | ||
| 008 | 220113s2018 xx 000 0 und d | ||
| 010 | _a170358 | ||
| 040 | _cCHAP | ||
| 090 | _aTesis D66 2648 | ||
| 100 |
_aDongú Villafuerte, Martín _9135648 |
||
| 245 |
_aProducción de la leche en ganado holstein inducido a la lactancia con dosis decrecientes de benzoato de estradiol / _cMartín Dongú Villafuerte |
||
| 260 |
_aMéxico : _bEl autor, _c2018 |
||
| 300 | _aCD | ||
| 502 | _aTesis (Ingeniero Agrónomo Especialista en Zootecnia) -- UACh, 2018 \ Dirección. Raymundo Rangel Santos; asesoría: Gustavo Ramírez Valverde y Juan González Maldonado | ||
| 650 |
_aGanado bovino _9138033 |
||
| 650 |
_aGlándula mamaria _9146722 |
||
| 650 |
_aHormonas _956235 |
||
| 650 |
_aRaza holstein _9144922 |
||
| 700 |
_a González Maldonado, Juan, asesor _9146723 |
||
| 700 |
_a Ramírez Valverde, Gustavo, asesor _9146724 |
||
| 700 |
_aRangel Santos, Raymundo, director _9139209 |
||
| 856 | 4 | 2 |
_uhttp://10.13.5.2/tesis/sist115409.pdf _yDescargar PDF |
| 901 | _aTESIS D66 2648 | ||
| 902 | _aA | ||
| 910 | _a2018 | ||
| 942 |
_c2 _2ddc |
||
| 942 |
_c2 _2ddc |
||
| 999 |
_c170358 _d170358 |
||